| 000 | 00928nam a2200253 i 4500 | ||
|---|---|---|---|
| 001 | bg | ||
| 100 | 1 | _aZettl, Erich. | |
| 245 | 0 | 0 |
_aAus moderner Technik und Naturwissenschaft : _bein Lese- und Übungsbuch für Deutsch als Fremdsprache ; _cvon Erich Zettl (Texte), Jörg Janssen und Heidrun Müller (Übungen) ; neubearb. von Erich Zettl unter Mitarbeit von Bernd Moser. |
| 260 |
_aIsmaning : _bMax Hueber Verlag ; _c1999. |
||
| 300 |
_a168 s. : _bil. ; _c23 cm. |
||
| 650 | 9 | _aJęzyk niemiecki | |
| 655 | _aMateriały pomocnicze dla szkół | ||
| 700 | 1 | _aJanssen, Jörg. | |
| 700 | 1 | _aMüller, Heidrun. | |
| 700 | 1 |
_aMoser, Bernd. _eWspółpr. |
|
| 020 | _a9783190016297 | ||
| 040 | _cBPK | ||
| 041 | 1 | _ager | |
| 044 | _ager | ||
| 080 | _a811.112.2::62](07) | ||
| 942 | _cKS | ||
| 008 | s pl f |000 0 pol | ||
| 999 |
_c54332 _d54332 |
||
| 856 |
_uhttp://koha.tu.koszalin.pl/cgi-bin/koha/opac-detail.pl?biblionumber=54332 _yKatalog online BPK |
||